Statistics for The X factor 2016

Click here to take the quiz!

General Stats

  • This quiz has been taken 55 times
    (47 since last reset)
  • The average score is 14 of 18

Answer Stats

HintAnswer% Correct
Judge girlsSimon Cowell
93%
Judge groupsLouis Walsh
93%
PresenterDermot O'Leary
90%
Judge oversSharon Osbourne
90%
Judge boysNicole Scherzinger
86%
Girls (4th)Emily Middlemas
83%
Boys (WINNER)Matt Terry
83%
Boys (6th)Ryan Lawrie
81%
Overs (runner up)Saara Aalto
81%
Overs (5th)Honey G
79%
Groups (3rd)5 After Midnight
79%
Girls (7th)Samantha Lavery
69%
Boys (11th)Freddy Parker
67%
Groups (12th)Bratavio
67%
Girls (9th)Gifty Louise
64%
Overs (10th)Relley C
57%
Groups (8th)4 of diamonds
57%
Groups (eliminated)Brooks Way
52%

Score Distribution

Percentile by Number Answered

Percent of People with Each Score

Your Score History

You have not taken this quiz since the last reset